000 00609nam a2200181Ia 4500
008 090630s9999 xx 000 0 und d
082 _b13686
100 _aवाळिंबे शरच्चंद्र.
245 _aरोजा.
_cवाळिंबे शरच्चंद्र.
260 _bशांती - पुणे.
_c1994
300 _a272
600 _aवाळिंबे शरच्चंद्र.
630 _aरोजा.
655 _aकादंबरी.
700 _aवाळिंबे शरच्चंद्र.
730 _aरोजा.
942 _cBOOK
999 _c265542
_d265542